| 000 | 00907cab a2200265 4500 | ||
|---|---|---|---|
| 001 | ABS59510 | ||
| 008 | 090401t1998 xxu||||| |||| 00| 0 eng d | ||
| 035 | _a(Sirsi) u89144 | ||
| 041 | _aeng | ||
| 100 | _aCoffer, D. | ||
| 245 | _aWork, rest and play | ||
| 260 | _c1998 | ||
| 350 | _a0 | ||
| 490 |
_aEstates Gazette _v(9839) 26 September 1998, 192-195(4) |
||
| 520 | _aSummarises trends in the leisure market for landlords, tenants and financiers, through a subject by subject review such as length of lease, rental growth, planning, and user clauses. Claims that attitudes must change if everyone is to benefit from this growing market. | ||
| 650 | _aLEASE COVENANTS | ||
| 650 | _aLEISURE MARKET | ||
| 650 | _aPROPERTY FINANCE | ||
| 650 | _aRENTAL GROWTH | ||
| 650 | _aTERMS OF LEASE | ||
| 650 | _aUSER CLAUSES | ||
| 690 | _aLEISURE AND RECREATION | ||
| 942 | _n0 | ||
| 948 | _c21/10/1998 | ||
| 999 |
_c56370 _d56370 |
||